Sociedad capitalista y sociología moderna /

Guardado en:
Bibliografiske detaljer
Hovedforfatter: Frankel, Henryk (autor)
Andre forfattere: Suárez, Marcial (traducción) (traducción)
Format: Bog
Sprog:spansk
Udgivet: Madrid, España : Artiach, 1971
Fag:
Tags: Tilføj Tag
Ingen Tags, Vær først til at tagge denne postø!

MARC

LEADER 00000nam^a2200000^a^4500
001 000011312
005 20250521000000.0
009 20260310083740.305
037 |a Acervo ITESO - Biblioteca 
041 |a ESP 
082 |a 305. 5  |b FRA 
100 |a Frankel, Henryk  |e (autor) 
245 1 0 |a Sociedad capitalista y sociología moderna /  |c H. Frankel ; tr. por M. Suárez. 
264 1 |a Madrid, España :  |b Artiach,  |c 1971 
300 |a 343 p. 
336 |a texto  |b txt  |2 rdacontenido 
337 |a sin mediación  |b n  |2 rdamedio 
338 |a volumen  |b nc  |2 rdasoporte 
500 |a Traducción de: Capitalist Society and Modern Sociology 
649 |a XX 
650 |a Clases Sociales 
650 |a Inglaterra 
650 |a Capitalismo 
650 |a Sociología -  |x Teoría 
650 |a Antropología 
700 |a Suárez, Marcial  |e (traducción) 
910 |a Fondo General 
920 |a Impresos - Libros 
930 |a Colección General 
905 |a 101 
901 |a 0113120100  |b IT1  |c ACC  |i 011312  |u 20250521 
902 |a https://opac.biblio.iteso.mx/vufind/Record/000011312